Most Populous Provinces of Afghanistan - Statistics

General Stats
  • This quiz has been taken 31 times
  • The average score is 6 of 10
Answer Stats
Population Province % Correct
5,029,850 Kabul
96%
1,368,036 Kandahar
88%
2,095,117 Herat
85%
1,338,597 Ghazni
54%
1,420,682 Helmand
54%
1,475,649 Balkh
50%
1,113,676 Kunduz
46%
1,089,228 Faryab
31%
1,668,481 Nangarhar
27%
1,073,319 Takhar
23%
No matching quizzes found
Score Distribution
Percent of People with Each Score
Percentile by Number Answered
Your Score History
You have not taken this quiz